000 00512nam a2200205Ia 4500
003 0100
008 130227s9999 xx 000 0 und d
040 _cARRUPELIB
050 _aJQ1875.A55C6373 2007
100 _aMbaku, John Mukum
245 _aCorruption in Africa
245 _bcauses, consequences, and cleanups
260 _aLanham
260 _bRowman and Littlefield Publishers
260 _C2007
300 _axviii
300 _b 382p. 24cm.
650 _bJesuits - Rules
942 _2lcc
_03
999 _c4517
_d4517